000 00308nam a2200121Ia 4500
008 190216s9999||||xx |||||||||||||| ||und||
100 _aSamuel Glasstone
245 0 _aThermodynamics For Chemists
260 _bAffiliated East West Press
_c2002
300 _a522p
650 _aChemistry-Chemistry
942 _cBK
999 _c2634
_d2634